00463nam a2200145Ia 4500003000900000008004100009040001600050080001600066100002600082245009400108260003900202300001400241650004100255650002100296IN-BaIIA211028s9999 xx 000 0 eng d cIIA Library a521.13bKEL aKellogg, Oliver Dimon 0aFoundations of potential theorycOliver Dimon Kellogg  aNew YorkbDover Publicationsc1953 aix, 384p. aAstronomy and astrophysics thesaurus aPotential theory